000 00212 a2200097 4500
001 26806
100 _aDowney, J
245 _aManagement in the armed forces
260 _a
_bMcGraw-Hill
_c
090 _c18040
_d18040
942 _aNUST-CAE
_cM
_c8937
999 _c261879
_d261879